000 00428nam a2200193Ia 4500
005 20240823053744.0
008 240823s9999||||xx |||||||||||||| ||und||
020 _a81-219-0793-4
041 _aENGLISH
082 _A539 P6
100 _aMurugeshan R
245 0 _aModern Physics
250 _a12th
260 _c2006
_bS Chand & Compan
500 _aYES
650 _aPhysics
_bPhysics
942 _cBK
999 _c224881
_d224881